Word Scramble - VCT Champions 2024 Players #2 - Statistics

General Stats
  • This quiz has been taken 360 times
    253 since last reset
  • The average score is 13 of 16
Answer Stats
Hint Answer % Correct
0otw Wo0t
98%
kzmjjk ZmjjKK
96%
iggnjg Jinggg
95%
r3uxtet t3xture
95%
jaonhp JonahP
93%
tentr trent
93%
xsraq qRaxs
88%
fenfg FengF
87%
1mnos S1Mon
81%
nxe1fl Flex1n
80%
voerngro Governor
76%
fsejbynyhi benjyfishy
74%
yhebya heybay
72%
ikban Biank
54%
eetmsyoi Yosemite
51%
sotrbae Boaster
39%
No matching quizzes found
Score Distribution
Percent of People with Each Score
Percentile by Number Answered
Your Score History
You have not taken this quiz since the last reset